000 00450nam a22001697a 4500
003 CEME
005 20210628202358.0
008 210311b xxu||||| |||| 00| 0 eng d
020 _a0-07-033183-9
040 _c.
082 _a658.562 JUR'Q
100 _aGryna, F.M Juran, J.M
_959645
245 _aQuality planning and analysis from product development through use
260 _aNEWYORK
_bMCGRAW HILL
_c1993
300 _a634P
942 _cBK
_2ddc
999 _c569570
_d569570